000 00247nam a22000857a 4500
008 240718b ||||| |||| 00| 0 eng d
100 _aRobert A Siegel
245 _aUnited States Complete
_bThe William H. Gross Collection
650 _aUnited States Stamps
999 _c3610
_d3610